000 00909cam a2200241 4500
001 WB3642-12
008 000000n2000 000 0 eng u
035 _a(Sirsi) u108921
245 _aBuilders scapegoat for flood chaos
260 _c2000
490 _aContract Journal
_v18 October 2000, 1(1)
520 _aGovernment plans to provide improved flood protection anger housebuilders who may have to foot the bill. The new measures will be introduced into the existing planning guidance PPG25 by the end of the year, and will make it more difficult for developers to build on land prone to flooding.
590 _aWB
650 _aPPG25
650 _aPLANNING POLICY GUIDANCE
650 _aFLOOD DEFENCES
650 _aFLOOD RISK AREAS
650 _aFLOOD PLAINS
650 _aHOUSING DEVELOPMENTS
650 _aHOUSE BUILDING
690 _aENVIRONMENTAL AND LAND CONSULTANCY
942 _n0
999 _c65029
_d65029